Branch libraries (Record no. 258575)

000 -LEADER
fixed length control field 00208 a2200097 4500
001 - CONTROL NUMBER
control field 23502
090 ## - LOCALLY ASSIGNED LC-TYPE CALL NUMBER (OCLC); LOCAL CALL NUMBER (RLIN)
-- 15892
-- 15892
100 ## - MAIN ENTRY--PERSONAL NAME
Personal name Mortimore A D
245 ## - TITLE STATEMENT
Title Branch libraries
260 ## - PUBLICATION, DISTRIBUTION, ETC.
Place of publication, distribution, etc.
Name of publisher, distributor, etc. Andre deutsch
Date of publication, distribution, etc. 1966
942 ## - ADDED ENTRY ELEMENTS (KOHA)
Institution code [OBSOLETE] NUST-CAE
Koha item type
--
Holdings
Withdrawn status Lost status Damaged status Not for loan Collection code Permanent Location Current Location Date acquired Total Checkouts Barcode Date last seen Price effective from Koha item type
          College of Aeronautical Engineering (CAE) College of Aeronautical Engineering (CAE) 04/03/2017   CAE18897 04/05/2017 04/05/2017 Book
© 2023 Central Library, National University of Sciences and Technology. All Rights Reserved.